Normal view
MARC view
Entry Topical Term
001 - CONTROL NUMBER
- control field: 17783
003 - CONTROL NUMBER IDENTIFIER
- control field: HDC
005 - DATE AND TIME OF LATEST TRANSACTION
- control field: 20230624073521.0
008 - FIXED-LENGTH DATA ELEMENTS
- fixed length control field: 210301|| aca||aabn | a|a d
040 ## - CATALOGING SOURCE
- Original cataloging agency: HDC
- Transcribing agency: HDC
150 ## - HEADING--TOPICAL TERM
- General subdivision: ‘Hub to Hub Halal Logistics’
670 ## - SOURCE DATA FOUND
- Source citation: Work cat.: (HDC): Didier Gazanhes and Alexandre Leoty / author 17782, France: After Halal products and Halal stores, here comes HALAL Logistics /
